000 00361nam a2200145Ia 4500
008 230917s9999||||xx |||||||||||||| ||und||
040 _e56129
_aMAIN
041 _aEnglish
082 _a853.9 M797W
100 _aMoravia, Alberto
245 0 _aWayward wife and other stories
260 _aLondon
_bSecker and Warburg
_c1960
300 _a221 p.
942 _cBK
999 _c188166
_d188166